000 00674nam a22001937a 4500
999 _c164251
_d164251
005 20190514163445.0
010 _aUR-10118
020 _c300.00
_a9789386624093
035 _aU-8673
037 _bDBAD/PUB
082 _a921.8
100 _aشيخ ا صغر شيخ ا کبر
245 _aنز رغيا ث
_cشيخ ا صغر شيخ ا کبر
246 _b‏Nazr-e-Ghayas(Urdu)
_aEd. by Shaikh Asgar Shaikh Akbar
260 _a Delhi
_bEducational Publishing House
_c2017 ء
270 _a3191،Vakil Street,Kucha Pandit,Lal Kuan,
_bDelhi
_e110006
_k23216162
_l00911123211540
300 _a266ص
_c22 Cm.(bk)
942 _2ddc
_cUR
_h921.8
_mغ ی ا